Fr. Conceicao Rodrigues College of Engineering

Unbarred Innovation Redefined (Record no. 36060)

MARC details
000 -LEADER
fixed length control field 00475nam a22001577a 4500
003 - CONTROL NUMBER IDENTIFIER
control field OSt
005 - DATE AND TIME OF LATEST TRANSACTION
control field 20240715120809.0
007 - PHYSICAL DESCRIPTION FIXED FIELD--GENERAL INFORMATION
fixed length control field 176 pages
008 - FIXED-LENGTH DATA ELEMENTS--GENERAL INFORMATION
fixed length control field 240715b |||||||| |||| 00| 0 eng d
020 ## - INTERNATIONAL STANDARD BOOK NUMBER
International Standard Book Number 9788126548491
040 ## - CATALOGING SOURCE
Original cataloging agency AO enterprises
Transcribing agency
082 ## - DEWEY DECIMAL CLASSIFICATION NUMBER
Classification number 658.42
Item number MAY
245 ## - TITLE STATEMENT
Title Unbarred Innovation Redefined
Remainder of title Pathway to greatest discoveries
Statement of responsibility, etc. Ramgir,Mayur
Medium English
260 ## - PUBLICATION, DISTRIBUTION, ETC.
Name of publisher, distributor, etc. Wiley
Date of publication, distribution, etc. 2020
942 ## - ADDED ENTRY ELEMENTS (KOHA)
Source of classification or shelving scheme Dewey Decimal Classification
Koha item type BOOK
Classification part 658.42
Item part MAY
Call number prefix 658.42
Call number suffix MAY
Suppress in OPAC No
Holdings
Withdrawn status Lost status Source of classification or shelving scheme Damaged status Not for loan Collection Home library Current library Date acquired Cost, normal purchase price Inventory number Total Checkouts Full call number Barcode Date last seen Date last checked out Price effective from Koha item type
    Dewey Decimal Classification     MECHANICAL Fr. Agnel's C.Rodrigues College of Engineering Fr. Agnel's C.Rodrigues College of Engineering 15/07/2024 413.66 237 dt 11.07.2024 1 658.42/MAY 26424 07/02/2025 30/01/2025 15/07/2024 BOOK